Podozrivá nevesta humoreska Nepodarilo sa

Bibliographic Details
Main Author: Dúbravský, Ferdinand, 1850-1926 (Author)
Format: Book
Language:Slovak
PhysicalDescription:23 s. 16 cm
Published: Trnava Kníhtlačiareň G. & E. Bežo [1923]
Subjects:

MARC

LEADER 00000nam a2200000 a 4500
001 vtls008369337
003 SK-MaSNL
005 20260301140810.0
008 240313s1923 xo 000 j slo
015 |a SKSNBA19191938-002239 
020 |q (brož.) 
035 |a SK01SNKBSKHR20020061554 
035 |a SKM000064017 
040 |a SNK  |b slo  |c SNK  |e AACR2 
041 0 |a slo 
044 |a xo  |c SK 
072 7 |a 821.162.4-3  |x Slovenská próza  |2 konspekt 
080 |a 821.162.4-32  |2 2001 
100 1 |a Dúbravský, Ferdinand,  |d 1850-1926  |4 aut  |9 112750 
245 1 0 |a Podozrivá nevesta  |b humoreska  |c od Strýčka Ferdinanda  |p Nepodarilo sa 
246 3 0 |a Nepodarilo sa 
260 |a Trnava  |b Kníhtlačiareň G. & E. Bežo  |c [1923]  |e [s.l.]  |f [s.n.] 
300 |a 23 s.  |c 16 cm 
655 7 |a slovenské príbehy  |2 SNKPH  |9 70494 
852 |a Slovenská národná knižnica v Martine  |b 10000  |h MS SD 3970/2 
852 |a Univerzitná knižnica v Bratislave  |b 300000  |h XXG 73/32 
852 |a Univerzitná knižnica v Bratislave  |b 300000  |h SG 184 
999 |c 765049  |d 766979 
952 |a SNK  |b SNK  |y VYP  |7 0  |p 17A0540230  |o snkSD 3970/2 D1  |i snkKSK 2126/56  |8 3  |0 0  |1 0  |4 0  |d 2007-02-21  |l 0  |r 2026-02-24 00:16:43  |w 2026-02-24 
952 |a SNK  |b SNK  |y VYP  |7 0  |p 17A0540188  |o snkSD 3970/2 D2  |i snkK 1890/74  |8 3  |0 0  |1 0  |4 0  |d 2007-02-21  |l 0  |r 2026-02-24 00:16:43  |w 2026-02-24 
952 |a SNK  |b SNK  |y VYP  |7 0  |p 17A0540083  |o snkSD 3970/2 D3  |i snkK 4403/60  |8 3  |3 rekatalogizácia  |0 0  |1 0  |4 0  |d 2007-02-21  |l 0  |r 2026-02-24 00:16:43  |w 2026-02-24